000 00560nam a22001937a 4500
001 85682
003 BD-RjUL
005 20250910105313.0
008 250910s1956 pk ||||| |||| 00| 0 urd d
035 _a(BD-RjUL)85682
040 _aBD-RjUL
_beng
_cBD-RjUL
041 _aurd
082 _223
_a891.43913
_bPAT 1956
245 _aتذکرۂ شوق ;;tazkarah shauq /
_cعطاء اللہ پالوی ;; Attaullah Palvi
260 _aLahore :
_bMaktaba i jadid ,
_c1956
300 _a391 p. ;
_c17 cm
650 _a Language and Literature
_916842
942 _2ddc
_cBK
999 _c85682
_d85682